EXO MEMBERS - Statistics

General Stats
  • This quiz has been taken 561 times
  • The average score is 9 of 12
Answer Stats
Hint Answer % Correct
Baekhyun Byun Baekhyun
93%
Chanyeol Park Chanyeol
93%
Sehun Oh Sehun
92%
D.O. Do Kyungsoo
89%
Kai Kim Jongin
89%
Chen Kim Jongdae
84%
Xiumin Kim Minseok
80%
Suho Kim Junmyeon
74%
Lay Zhang Yixing
73%
Luhan Lu Han
60%
Tao Huang Zitao
53%
Kris Li Jiaheng (Kevin Li)
19%
No matching quizzes found
Score Distribution
Percent of People with Each Score
Percentile by Number Answered
Your Score History
You have not taken this quiz